000 00758nac a22002537a 4500
001 BR9104093
003 BR-BrBNA
005 20240105121226.0
008 230509b bl.|||m| |||| 00| 0 por d
040 _aBR-BrBNA
_bpor
_cBiblioteca Nacional de Agricultura
072 _aM12
090 _a3410 BR9104093
100 1 _aMarino, M.C.
100 1 _aBraga, M. do R. de A.
100 1 _aFujii, M.T.
110 1 _aInstituto de Botanica, Sao Paulo, SP (Brasil)
245 1 _aPorphyra; uma alga vermelha comestivel
260 3 _aSao Paulo, SP (Brasil):
_c1985.
300 _a14 p.
490 _aFolheto - Instituto de Botanica (Brazil)
_vno. 17
_x
650 _aALGA VERMELHA
909 _a202312
_bLúcia Elande
_c55
_dLúcia Elande
942 _2AGRIS
_n0
_cMS
999 _c284051
_d284051